Trends in environmental policy and law = Tendances actuelles de la politique et du droit de l'environnement

Αποθηκεύτηκε σε:
Λεπτομέρειες βιβλιογραφικής εγγραφής
Άλλοι συγγραφείς: Bothe, Michael (Επιμελητής έκδοσης)
Μορφή: Βιβλίο
Γλώσσα:English
French
Δημοσίευση: Gland : International Union for Conservation of Nature and Natural Resources, 1980.
Θέματα:
Ετικέτες: Προσθήκη ετικέτας
Δεν υπάρχουν, Καταχωρήστε ετικέτα πρώτοι!

MARC

LEADER 00000cam a2200000 i 4500
001 1/81546
008 970305s1980####sz | | ||| |||| ||eng||
020 |a 2880320852  
035 |l 10005324 
040 |a GR-MY-UA  |b gre  |e aacr 
041 0 |a eng  |a fre 
082 0 |a 344.046  
245 1 0 |a Trends in environmental policy and law =   |b Tendances actuelles de la politique et du droit de l'environnement /   |c Project coordinator Michael Bothe.  
246 1 |i Παράλληλος τίτλος:   |a Tendances actuelles de la politique et du droit de l'environnment  
260 |a Gland :   |b International Union for Conservation of Nature and Natural Resources,   |c 1980.  
300 |a 404 σ.  
650 0 0 |a Environmental law. 
650 0 0 |a Environmental policy. 
700 1 |a Bothe, Michael.  |4 edt 
852 |a INST  |b LESVOS  |e 19970305  |h 344.046 TRE  |p 005100011885  |q 005100011885  |t BK  |y 0 
909 |a Λ  |b 007244